5HLuxD.jpg

KING HENRY VIII SENIOR AND PRIMARY SCHOOL LIBRARY OPAC

Cambridge IGCSE & O Level Complete Physics: (Record no. 5150)

000 -LEADER
fixed length control field 01554nam a22001937a 4500
003 - CONTROL NUMBER IDENTIFIER
control field OSt
005 - DATE AND TIME OF LATEST TRANSACTION
control field 20250723085823.0
008 - FIXED-LENGTH DATA ELEMENTS--GENERAL INFORMATION
fixed length control field 250723b ||||| |||| 00| 0 eng d
040 ## - CATALOGING SOURCE
Transcribing agency KH8
082 ## - DEWEY DECIMAL CLASSIFICATION NUMBER
Classification number 530.076 LLO
100 ## - MAIN ENTRY--PERSONAL NAME
Personal name LLoyd, Sarah,
Relator term author.
245 ## - TITLE STATEMENT
Title Cambridge IGCSE & O Level Complete Physics:
Remainder of title Workbook /
Statement of responsibility, etc. Sarah Lloyd.
260 ## - PUBLICATION, DISTRIBUTION, ETC.
Place of publication, distribution, etc. UK ;
Name of publisher, distributor, etc. Oxford University Press ,
Date of publication, distribution, etc. 2021.
300 ## - PHYSICAL DESCRIPTION
Extent v, 155 pages :
Other physical details illustrations ;
Dimensions 28 cm.
520 ## - SUMMARY, ETC.
Summary, etc. The Cambridge IGCSE® & O Level Complete Physics Workbook, part of the rigorous and trusted Complete Science series, supports independent practice both inside and outside the classroom to strengthen students' exam potential.<br/><br/>The workbook develops sophisticated scientific skills to support students in achieving their full potential and regular extension work stretches high achievers. It also provides extensive practice to reinforce understanding and improve exam potential.<br/><br/>It is written by Sarah Lloyd, successful and experienced author of our previous edition of the Cambridge IGCSE Complete Physics Workbook, and Anna Harris. The workbook has been fully updated to support the latest Cambridge IGCSE (0625) & O Level (5054) Physics syllabuses.<br/><br/>The Complete Physics Student Book that this workbook supports is available in print, online or as a great-value print and online pack, and an Exam Success Guide and Practical Workbook are also available to help students achieve top marks.
650 ## - SUBJECT ADDED ENTRY--TOPICAL TERM
Topical term or geographic name entry element Practical book
Form subdivision Physics
650 ## - SUBJECT ADDED ENTRY--TOPICAL TERM
Topical term or geographic name entry element Practice book
Form subdivision Physics
942 ## - ADDED ENTRY ELEMENTS (KOHA)
Source of classification or shelving scheme
Koha item type Teaching Resources
Holdings
Withdrawn status Lost status Source of classification or shelving scheme Damaged status Not for loan Collection code Permanent Location Current Location Shelving location Date acquired Full call number Barcode Date last seen Price effective from Koha item type
          Teaching Resources KH8 Senior School Library KH8 Senior School Library Staff Office 2025-07-23 530.076 LLO TRKHSL000971 2025-07-23 2025-07-23 Teaching Resources

Powered By KH8 IT Dept